000 00627nam a2200229 a 4500
003 CBULib
005 20241003090006.0
008 180926s2017 ||||||||||||||||| || u
020 _a9780718186272
040 _bEnglish
_cCBULib
_erda
041 _aeng
050 _aQC 174.1 Alk
100 _aAl-Khalili, Jim
245 1 0 _aQuantum mechanics
_c/ by Jim Al-Khalili
260 _aLondon :
_bLadybird Books,
_c2017
300 _a50 pages : illustrations
336 _2rdacontent
_aText |
_btxt
337 _2rdamedia
_aUnmediated |
_bn
338 _2rdacarrier
_aVolume
_bnc
650 _aQUANTUM THEORY
942 _2lcc
_c002
999 _c79931
_d79931